Over-rented properties: bond or equity?: a case study of market value, investment worth and actual price. (Record no. 846)

MARC details
000 -LEADER
fixed length control field 00922cab a2200253 4500
001 - CONTROL NUMBER
control field ABS53041
008 - FIXED-LENGTH DATA ELEMENTS--GENERAL INFORMATION
fixed length control field 090401t1995 xxu||||| |||| 00| 0 eng d
035 ## - SYSTEM CONTROL NUMBER
System control number (Sirsi) u1510
041 ## - LANGUAGE CODE
Language code of text/sound track or separate title eng
100 ## - MAIN ENTRY--PERSONAL NAME
Personal name Baum, A.
245 ## - TITLE STATEMENT
Title Over-rented properties: bond or equity?: a case study of market value, investment worth and actual price.
260 ## - PUBLICATION, DISTRIBUTION, ETC.
Date of publication, distribution, etc. 1995
350 ## - PRICE (NR) (BK AM CF MU VM SE) [OBSOLETE]
Price 0
490 ## - SERIES STATEMENT
Series statement Journal of Property Valuation and Investment
Volume/sequential designation 13(2) 1995, 31-40(10)
520 ## - SUMMARY, ETC.
Summary, etc. Describes an analysis of a City of London office building in 1993. Attempts to show how the pricing process should be affected by a greater understanding of the purchaser`s view.
650 ## - SUBJECT ADDED ENTRY--TOPICAL TERM
Topical term or geographic name entry element CITY OF LONDON
650 ## - SUBJECT ADDED ENTRY--TOPICAL TERM
Topical term or geographic name entry element MARKET VALUE
650 ## - SUBJECT ADDED ENTRY--TOPICAL TERM
Topical term or geographic name entry element OVER-RENTED PROPERTY
650 ## - SUBJECT ADDED ENTRY--TOPICAL TERM
Topical term or geographic name entry element PRICING
690 ## - LOCAL SUBJECT ADDED ENTRY--TOPICAL TERM (OCLC, RLIN)
Topical term or geographic name as entry element PROPERTY-COMMERCIAL PROPERTY-COMMERCIAL PROPERTY APPRAISAL AND VALUATION
700 ## - ADDED ENTRY--PERSONAL NAME
Personal name Crosby, N.
942 ## - ADDED ENTRY ELEMENTS (KOHA)
Suppress in OPAC 0
948 ## - LOCAL PROCESSING INFORMATION (OCLC); SERIES PART DESIGNATOR (RLIN)
c (OCLC) 04/03/1997
Holdings
Withdrawn status Lost status Source of classification or shelving scheme Damaged status Not for loan Home library Current library Shelving location Date acquired Total Checkouts Full call number Barcode Date last seen Copy number Price effective from Koha item type
    Dewey Decimal Classification     London London Journal article 14/09/1999   ABS53041 1510-1001 06/08/2019 1 06/08/2019 Journal article